Optimizacion en ingeniería

保存先:
書誌詳細
主要な著者: Pike, Ralph W (著者), Guerra G., Lautaro (著者)
フォーマット: 図書
言語:スペイン語
出版事項: Ciudad de México Alfaomega 1989
主題:
タグ: タグ追加
タグなし, このレコードへの初めてのタグを付けませんか!

MARC

LEADER 00000nam a2200000 a 4500
001 UCV3780
003 CL-VaPUC
008 911111e19890000MX |||||||||||||||||spa|d
082 0 4 |a 519.703  |b PIK  |2 21 
100 0 |a Pike, Ralph W  |e author  |9 298120 
700 0 |a Guerra G., Lautaro  |e author  |9 298121 
245 1 0 |a Optimizacion en ingeniería 
300 |a 340 p 
942 |c BK 
945 |d 19911111 00:00:00  |a mfernand 
260 |a Ciudad de México  |b Alfaomega  |c 1989 
650 0 |a Optimización matemática  |9 259780 
583 |a last modification  |c 19911111 00:00:00  |k Rodrigo Vera 
999 |c 210908  |d 210906 
952 |0 0  |1 0  |4 0  |6 519_703000000000000_PIK_1989  |7 0  |8 A  |9 187949  |a BIBALI  |b BIBALI  |c GEN  |d 2019-11-14  |i 2554313  |o 519.703 PIK 1989  |p 2554313  |r 2025-01-20  |w 2019-11-14  |y BK  |k ALI